000 00535nam a22001937a 4500
003 KOHA_MİRAKIL
005 20251001153013.0
008 251001b tu ||||| |||| 00| 0 tur d
020 _a9789750532429
040 _aTR-AnABB
_btur
_cTR-AnABB
041 _atur
082 _a813.41
_bMEH 2021
100 _aMehmet Rauf,
_d1874-1931
245 1 0 _aSon yıldız /
_cMehmet Rauf
260 _aİstanbul :
_bİletişim Yayınları,
_c2021
300 _a531 sayfa ;
_c21 cm
650 0 4 _aTürk edebiyatı, roman
942 _2ddc
_cBK
999 _c9016
_d9016
900 _bGizem YORULMAZ